Healthcare Financial Management Journal of the Healthcare Financial Management Association

Na minha lista:
Detalhes bibliográficos
Formato: Periódico
Idioma:inglês
Publicado em: Westchester Healthcare Financial Management Association
Assuntos:
Tags: Adicionar Tag
Sem tags, seja o primeiro a adicionar uma tag!

MARC

LEADER 00000nas1a22000001 4500
001 s120723
005 20230608082026.2
022 |a 0735-0732 
041 0 |a eng 
044 |a US 
245 1 0 |a Healthcare Financial Management  |b Journal of the Healthcare Financial Management Association 
264 1 |a Westchester  |b Healthcare Financial Management Association 
610 2 0 |a zdravotníctvo 
610 2 0 |a starostlivosť zdravotná 
610 2 0 |a financie 
610 2 0 |a manažment